| 000 | 00578nam a22001697a 4500 | ||
|---|---|---|---|
| 999 |
_c370780 _d370780 |
||
| 008 | 201207b ||||| |||| 00| 0 eng d | ||
| 040 |
_aDE-2950 _bger _cDE-2950 _erda |
||
| 245 |
_aZukunft der Vergangenheit - Industriekultur in Bewegung. _bDas Themenjahr 2021 von Kulturland Brandenburg / |
||
| 264 | _c2021 | ||
| 653 | _aBrandenburg <Land> | ||
| 653 | _aIndustriekultur | ||
| 773 |
_dAachen: Geymüller Verlag für Architektur _g(2021) Heft I., S. 14-16 _tBrandenburgische Denkmalpflege |
||
| 942 | _cA | ||